UBT Library

The physiological regulation of salivary secretions in man; (Record no. 44343)

000 -LEADER
fixed length control field 00604nam a22002051 4500
001 - CONTROL NUMBER
control field 277758
005 - DATE AND TIME OF LATEST TRANSACTION
control field 20180307091917.0
008 - FIXED-LENGTH DATA ELEMENTS--GENERAL INFORMATION
fixed length control field 850708s1961 nyuac b 000 0 eng
010 ## - LIBRARY OF CONGRESS CONTROL NUMBER
LC control number 60053128
040 ## - CATALOGING SOURCE
Original cataloging agency DLC/ICU
Transcribing agency ICU
Modifying agency DLC
041 ## - LANGUAGE CODE
Language code of text/sound track or separate title eng
080 ## - UNIVERSAL DECIMAL CLASSIFICATION NUMBER
Universal Decimal Classification number 612.313 ALE
082 00 - DEWEY DECIMAL CLASSIFICATION NUMBER
Classification number 612.313 ALE
100 1# - Rafti
Rafti 11
101 ## - Shkurtesa
Shkurtesa BIO
245 14 - TITLE STATEMENT
Title The physiological regulation of salivary secretions in man;
504 ## - BIBLIOGRAPHY, ETC. NOTE
Bibliography, etc Bibliography: p. 83-86.
906 ## - LOCAL DATA ELEMENT F, LDF (RLIN)
a 7
b cbc
c orignew
d u
e ocip
f 19
g y-gencatlg
942 ## - ADDED ENTRY ELEMENTS (KOHA)
Source of classification or shelving scheme
Item type Books
Holdings
Withdrawn status Lost status Source of classification or shelving scheme Damaged status Not for loan Collection code Permanent location Current location Shelving location Date acquired Total Checkouts Full call number Barcode Date last seen Price effective from Koha item type
          Koleksioni i përgjithshem UBT - Lipjan UBT - Lipjan Koleksioni i përgjithshem 03/07/2018   612.313 ALE 002-3001018 03/07/2018 03/07/2018 Books
UBT Library © 2015-2024. All rights reserved University Education for Business and Technology